MDQL
is popping MORE tags! Check the
thread
!
Quizzes
Events
Quiz Creation
Community
Videos
Private Events
Remove Ads
Sign In
Join for FREE
Feedback
Dark Mode
Quiz Categories
Sports
Geography
Music
Movies
Television
Just For Fun
Miscellaneous
History
Literature
Language
Science
Gaming
Entertainment
Religion
Holiday
For Kids
Quiz Lab
Recent
Popular Today
Quiz Kudos Today
Editor Picks
Curator Picks
Quizzes by...
Day
Popularity
Type
Ratings
Length
Year
Community
Subscriptions
Recent Discussions
Orange Saloon
Badges
Playlists
Quests
Create
Leaderboards
Showdown
Live 5
Trivia Bingo
Activity
Puzzle Library
Sporcle Events
Private Events
Virtual Trivia
Globe League
Become a Host
Pub Owners
SporcleCon
Opinionation
Our Games
Videos
Blog
Mobile Apps
Partnerships
Remove Ads and Go Orange
Feedback
Television
TV Characters
TV Show
Sitcom
Network
Friends
Reality Shows
Cast
South Park
Star Trek
The Simpsons
Doctor Who
Television
TV Characters
TV Show
Sitcom
Network
Friends
Reality Shows
Cast
South Park
Star Trek
The Simpsons
Doctor Who
Random Quiz
Search Sporcle
×
Quiz Lab
Quiz Lab
Television
Rupaul's Drag Race
Type in answers that appear in a list
Type in answers that appear in a list
Classic
Best Score? Go Orange.
Rupaul's Drag Race Contestants Season 1-7? Stats
Can you name the Rupaul's Drag Race Contestants Season 1-7?
By
stevenjbd
10m
101 Questions
317 Plays
317 Plays
317 Plays
Comments
Comments
Give Quiz Kudos
Give Quiz Kudos
-
- Ratings
hide this ad
Replay
Link that replays current quiz
Next Quiz
Link to next quiz in quiz playlist
You Got
0%
They Got
Avg Score
81%
Avg Friend Score
Upgrade to see
Score Distribution
Jump to the score distribution portion of the page
Score
0/101
Timer
10:00
0
Plays Today
Season
Queen
% Correct
II
Raven
95.3%
V
Alaska
95.3%
III
Raja
94.6%
VI
Bianca Del Rio
94.6%
II
Tyra Sanchez
94.3%
IV
Sharon Needles
94.3%
I
BeBe Zahara Benet
94%
VI
Adore Delano
93.7%
IV
Chad Michaels
93.4%
II
Jujubee
93.1%
IV
Phi Phi Ohara
93.1%
V
Jinkx Monsoon
93.1%
V
Detox
93.1%
V
Roxxxy Andrews
92.7%
V
Coco Montrese
92.7%
VI
Courtney Act
92.7%
II
Shangela
92.4%
III
Shangela
92.4%
IV
Latrice Royale
92.4%
I
Nina Flowers
92.1%
III
Manila Luzon
92.1%
V
Alyssa Edwards
91.5%
III
Alexis Mateo
90.2%
I
Ongina
89.9%
II
Pandora Boxx
89.9%
III
Yara Sofia
89%
V
Jade Jolie
88.6%
I
Jade
88.3%
I
Victoria Parker
88.3%
II
Tatianna
88.3%
III
Delta Work
88.3%
VII
Pearl
88.3%
VII
Violet Chachki
88%
III
Mimi Imfurst
87.7%
Season
Queen
% Correct
VI
BenDeLaCreme
87.4%
I
Tammie Brown
87.1%
III
Carmen Carrera
87.1%
IV
Willam
87.1%
VI
Darienne Lake
87.1%
VII
Katya
87.1%
II
Morgan McMichaels
86.8%
VIII
Bob The Drag Queen
86.6%
VI
Milk
85.2%
VII
Ginger Minj
85.2%
I
Shannel
84.9%
II
Sahara Davenport
84.9%
VI
Joslyn Fox
84.2%
VI
Gia Gunn
84.2%
IV
Jiggly Caliente
83.9%
V
Ivy Winters
83.9%
VII
Kandy Ho
83.9%
I
Rebecce Glasscock
83.6%
VII
Trixie Mattel
83.6%
VIII
Kim Chi
83%
VII
Miss Fame
83%
VII
Kennedy Davenport
83%
VI
Trinity K Bonet
82.6%
VI
Laganja Estranja
82.6%
VI
Kelly Mantle
81.7%
IV
Kenya Michaels
81.4%
VIII
Naomi Smalls
81.4%
II
Sonique
81.1%
V
Penny Tration
81.1%
IV
Dida Ritz
80.4%
VI
Vivacious
80.4%
III
Venus D-Lite
79.8%
VII
Max
79.8%
VI
Magnolia Crawford
79.2%
Season
Queen
% Correct
VII
Tempest DuJour
79.2%
IV
Milan
78.9%
IV
The Princess
78.9%
III
Stacy Layne Matthews
77.3%
VI
April Carrion
77%
V
Vivienne Pinay
77%
VIII
Derrick Barry
76.9%
II
Jessica Wild
76.7%
II
Mystique
76.7%
V
Honey Mahogany
76.7%
VIII
Thorgy Thor
76.5%
I
Akashia
76.3%
III
Phoenix
76.3%
V
Serena ChaCha
76.3%
VIII
Acid Betty
76.1%
III
India Ferrah
75.7%
VII
Kasha Davis
75.7%
VIII
Chi Chi Devayne
74.9%
IV
Alisa Summers
74.8%
VII
Sasha Belle
74.8%
VIII
Dax!
74.5%
II
Nicole Paige Brooks
74.4%
VII
Jasmine Masters
74.4%
IV
Madame LaQueer
74.1%
IV
Lashauwn Beyond
74.1%
VII
Jaidynn Diore Fierce
73.8%
VIII
Laila McQueen
73.3%
V
Monica Beverly HIllz
72.6%
VIII
Cynthia Lee Fontaine
71.3%
III
Mariah
70.7%
VIII
Robbie Turner
70%
V
Lineysha Sparx
69.7%
VIII
Nasya Lopez
69.2%
Quiz Playlist
Details
Report
Send in Message
Add To Playlist
Classic:
Type in answers that appear in a list
Last Updated: Feb 16, 2017
Quiz Scoreboard
CHALLENGE
Sign Up to Join the Scoreboard
Show All
Scores
Hide
Comments
May contain spoilers
Recently Published
5x2 Blitz: Bands
by SL_Kpop136
Music
30s
Colored Red Africa Blitz
by spor1
Geography
30s
Find the 'City' Movie
by crazypaving
Movies
60s
More to Explore
Quiz From the Vault
Featured Blog Post
14 Easter Pick-up Lines to Find Eggs With
hide this ad
You Might Also Like...
Tags
Rupaul's Drag Race
Today's Top Quizzes in Television
Browse Television
hide this ad
Today's Top Quizzes in Rupaul's Drag Race
Browse Rupaul's Drag Race
Top Contributed Quizzes in Television
1
Survivor Journey Challenge
2
Brooklyn Nine Nine Logic Puzzle (How-To-Play)
3
Phoebe Buffay Quotes
4
Survivor Trivia
5
Survivor Logic Puzzle: Heroes vs. Villains
6
One Tree Hill Logic Puzzle
7
Survivor Heroes vs. Villains Logic Puzzle
8
All US Survivor Seasons in Order
9
Game of Thrones: Tywin Lannister Start to Finish
10
Emmerdale Characters (from August 2012)
Explore More
Trending Topics
Harry Potter
Kpop
NBA
Marvel
Disney
Crossword
Anime
Song
NFL
Pokémon
Puzzle
Soccer
The Office
Country
WWE
hide this ad
More By:
stevenjbd
Quiz
Plays
Rating
Category
Featured
Created
WWE Top 30 Wrestlemania Matches
12,086
4.50
Sports
Mar 28, 2014
WWE Big 4 PPV Opponents of Stone Cold
8,816
4.65
Sports
Mar 19, 2014
Every WWE Female Big 4 PPV match
7,778
4.15
Sports
Apr 22, 2014
WWE women who've competed at a Wrestlemania
6,891
3.77
Sports
Aug 8, 2011
Gimme Five: WWE Attitude Era
6,129
4.78
Sports
Jun 23, 2016
Go to Creator's Profile
Score Distribution
Quiz Creator Spotlight
stevenjbd
Follow
Send a Message
Quizzes Created
-
Created Quiz Play Count
-
More By This Creator
Popular Quizzes Today
1
Colored Red Africa Blitz
2
Find the 'City' Movie
3
Find the US States - No Outlines Minefield
4
5x2 Blitz: Bands
5
The Countries of the World
6
Find the US States
7
US States
8
9x9 Crossword: Cartoon Network
More Television Quizzes
Military Veterans - TV Episodes
Quiz Lab
Trending Quizzes
Colored Red Europe Blitz I
Colored Red Europe Blitz II
Colored Red Africa Blitz II
Colored Red Europe Blitz III
Colored Red Africa Blitz III
Recently Updated
How Do You Spell That?
pecheneg
Godzilla Movies
pecheneg
Grab Bag: 4-10 Letters
pecheneg
2024 March Madness Bracket
pecheneg
Famous TV Couples
Peacemaker
Champions League XIs: Real Madrid
pecheneg
Largest US Cities 1790-2010
pecheneg
Rides in Walt Disney World
pecheneg
Most Oscar Losses (Acting)
pecheneg
Beyoncé Albums
pecheneg
Trending Topics
Harry Potter
Anime
Crossword
Kpop
NBA
Marvel
Disney
WWE
Soccer
The Office
NFL
Puzzle
Country
Song
Pokémon
Your Account Isn't Verified!
In order to create a playlist on Sporcle, you need to verify the email address you used during registration. Go to your
Sporcle Settings
to finish the process.
Report this User
Report this user for behavior that violates our
Community Guidelines
.
Details:
Send Report
Go to the Sporcle.com Mobile Site →
Comments